000 00238 a2200109 4500
001 3089
082 _a302.12 FER
090 _c2370
_d2370
100 _aFerguson, H
245 _ascience of pleasure
260 _alondon
_bRoutledge
_c1990
942 _aNUST-CAE
_k302.12 FER
999 _c238162
_d238162